00333nam a2200145Ia 4500008004000000082001700040100002400057245001900081250000500100260004200105300001100147440000600158650000700164650001600171210210b1976 xxu||||| |||| 00| 0 eng d a621.381 MILE aMILEAF (Harry), Ed. aElectronics V6 a aBombay.bD B T Sons & Co Lt,c1976 aix,152 a6 aV6 aElectronics